000
00367nam a22000977a 4500
100
_a
कोएलो,पाओलो
_9
81308
245
_a
इलेवन मिनटस ( द अलकेमिज्ञट के लेखक)
260
_a
भोपाल
_b
मंजुल पब्लिकेशन
_c
2022
650
_a
उपन्यास
942
_c
HIN
999
_c
66666
_d
66666